Statistics for SAT Words Click Quiz - K

Click here to take the quiz!

General Stats

  • This quiz has been taken 295 times
  • The average score is 13 of 15

Answer Stats

HintAnswer% Correct
Fibrous protein in hair and skinKeratin
97%
A light brown colourKhaki
96%
A leafy green vegetableKale
95%
Constantly changing in pattern or colorsKaleidoscopic
95%
Related to motionKinetic
95%
Small boothKiosk
95%
Mix and work doughKnead
94%
Praise or admirationKudos
93%
Conductor of a choir or orchestraKapellmeister
90%
One’s relatives or familyKinfolk
90%
Deceitfulness, rascalityKnavery
84%
Central structural beam of a shipKeel
82%
Destiny or fateKismet
81%
A small bird of preyKestrel
80%
Friends and acquaintancesKith
59%

Score Distribution

Percentile by Number Answered

Percent of People with Each Score

Your Score History

You have not taken this quiz